|
|
|
|
| LEADER |
01100nam a2200289 a 4500 |
| 001 |
14219199 |
| 008 |
100629s2009 si a b 001 0 eng d |
| 010 |
|
|
|a 2005469619
|
| 020 |
|
|
|a 9789810679965
|
| 020 |
|
|
|a 9810679963
|
| 020 |
|
|
|a 013123448X
|
| 040 |
|
|
|a DLC
|c DLC
|d DLC
|d DB-DhAAL
|
| 082 |
0 |
0 |
|a 658.3
|2 22
|
| 100 |
1 |
|
|a Dessler, Gary,
|d 1942-
|
| 245 |
1 |
0 |
|a Human resource management :
|b an Asian perspective /
|c Gary Dessler, Tan Chwee Huat.
|
| 250 |
|
|
|a 2nd ed.
|
| 260 |
|
|
|a Singapore ;
|a New York :
|b Pearson Prentice Hall,
|c 2009.
|
| 300 |
|
|
|a xxvii, 522 p. :
|b col. ill. ;
|c 26 cm.
|
| 500 |
|
|
|a Adaptation of: Human resource management. 10th ed. c2005.
|
| 504 |
|
|
|a Includes bibliographical references and indexes.
|
| 541 |
1 |
|
|e 00020520
|
| 650 |
|
0 |
|a Personnel management.
|
| 650 |
|
0 |
|a Personnel management
|z Asia.
|
| 700 |
1 |
|
|a Tan, Chwee Huat.
|
| 852 |
4 |
|
|a Ayesha Abed Library
|j General Shelf.
|
| 999 |
|
|
|c 9133
|d 9133
|
| 952 |
|
|
|0 0
|1 0
|2 ddc
|4 0
|6 658_300000000000000_DES_2009
|7 0
|9 11391
|a BRACUL
|b BRACUL
|c GEN
|d 2010-06-30
|l 15
|m 125
|o 658.3 DES
|p 3010020520
|r 2022-11-21
|s 2022-07-18
|t 1
|w 2010-06-30
|y BK
|